000 01560pam a2200373 a 4500
001 3940798
003 ARRUPE
005 20131219170909.0
008 930625s1994 nhua b 001 0 eng
010 _a 93005650
020 _a0435080903 (paper) :
_c$22.95
020 _a0435080881 (cloth)
020 _a0852556128 (James Currey paper)
020 _a0852556624 (James Currey Cloth)
040 _aDLC
_cDLC
_dDLC
043 _af-za---
050 0 0 _aDT3058.B46
_bM66 1993
082 0 0 _a330.96894
_220
100 1 _aMoore, Henrietta L.
_96135
245 1 0 _aCutting down trees :
_bgender, nutrition, and agricultural change in the Northern Province of Zambia, 1890-1990 /
_cHenrietta L. Moore, Megan Vaughan.
260 _aPortsmouth, NH :
_bHeinemann ;
_aLondon :
_bJ. Currey ;
_aLusaka :
_bUniversity of Zambia Press,
_c1994.
300 _axxvi, 278 p. :
_bill. ;
_c23 cm.
440 0 _aSocial history of Africa
_96136
504 _aIncludes bibliographical references (p. 255-266) and index.
650 0 _aBemba (African people)
_xAgriculture.
_96137
650 0 _aBemba (African people)
_xEconomic conditions.
_96138
650 0 _aFood supply
_zZambia
_zNorthern Province.
_96139
650 0 _aBemba (African people)
_xNutrition.
_96140
651 0 _aNorthern Province (Zambia)
_xEconomic conditions.
_96141
700 1 _aVaughan, Megan.
_96142
906 _a7
_bcbc
_corignew
_d1
_eocip
_f19
_gy-gencatlg
942 _2lcc
_cMONOGRAPH
999 _c119406
_d119406